000
00251nam a2200097Ia 4500
001
682822
005
20250826161426.0
008
250824s9999 xx 000 0 und d
245
0
_a
OSMANLIDA DERİN DEVLET
_c
YAVUZ BAHADIROĞLU
260
_b
PANAMA YAYINLARI
999
_c
682822
_d
682822